[Event "Moscow Open 2009 A"]
[Site ""]
[Date "2009.02.07"]
[Round "8.86"]
[White "Mokshanov, Alexey"]
[Black "Ageichenko, Genadi A"]
[Result "0-1"]
[WhiteElo "2185"]
[BlackElo "2367"]
[Annotator ""]
[Source ""]
[Remark ""]

1.e4 e5 2.Nf3 Nc6 3.Bc4 Bc5 4.c3 Nf6 5.d3 O-O 6.b4 Bb6 7.a4 a6
8.Bg5 d6 9.Nbd2 Qe7 10.O-O h6 11.Be3 Bxe3 12.fxe3 Be6 13.Qe1
Kh7 14.Nh4 g6 15.Nhf3 Rad8 16.Bxe6 Qxe6 17.d4 Nb8 18.Qg3 Nbd7
19.a5 c6 20.c4 Rde8 21.Rae1 Kg7 22.d5 Qe7 23.Rc1 Rc8 24.Qf2 Qd8
25.h3 c5 26.b5 Qxa5 27.Ra1 Qb6 28.bxa6 bxa6 29.Rfb1 Qa7 30.Rb2
Rb8 31.Rba2 Rb6 32.Ne1 Nh7 33.Qg3 Ndf6 34.Nd3 Qb7 35.Qe1 Ng5
36.Nf2 Ra8 37.g3 Rh8 38.Kg2 h5 39.Qc1 h4 40.g4 Ra8 0-1

[Event "Moscow Open 2009 A"]
[Site ""]
[Date "2009.02.07"]
[Round "8.87"]
[White "Kozganbayev, Erken"]
[Black "Filipenko, Alexander V"]
[Result "1/2-1/2"]
[WhiteElo "2161"]
[BlackElo "2360"]
[Annotator ""]
[Source ""]
[Remark ""]

1.e4 c5 2.Nf3 d6 3.d4 Nf6 4.Nc3 cxd4 5.Nxd4 Nc6 6.Bg5 e6 7.Qd2
h6 8.Be3 Ng4 9.Be2 Nxe3 10.Qxe3 Be7 11.Bd3 a6 12.f4 O-O 13.O-O
b5 1/2-1/2

[Event "Moscow Open 2009 A"]
[Site ""]
[Date "2009.02.07"]
[Round "8.89"]
[White "Losev, Dmitry"]
[Black "Belov, Igor"]
[Result "0-1"]
[WhiteElo "2313"]
[BlackElo "2460"]
[Annotator ""]
[Source ""]
[Remark ""]

1.e4 d6 2.d4 g6 3.Be3 Bg7 4.Nf3 Nf6 5.Nc3 a6 6.h3 b5 7.e5 Nfd7
8.Ng5 Nb6 9.e6 Bxe6 10.Nxe6 fxe6 11.h4 Nc6 12.h5 Kd7 13.Qg4 Qf8
14.a3 Bf6 15.O-O-O Qf7 16.g3 Nd8 17.Bh3 c6 18.d5 Nxd5 19.Nxd5
cxd5 20.Rxd5 Rc8 21.Rhd1 g5 22.Qb4 Ke8 23.R5d3 Qg7 24.Bg2 Nc6
25.Bxc6+ Rxc6 26.Kb1 Kd7 27.Qg4 Rhc8 28.c3 Rc4 29.Qf3 0-1

[Event "Moscow Open 2009 A"]
[Site ""]
[Date "2009.02.07"]
[Round "8.90"]
[White "Robson, Ray"]
[Black "Davydov, Sergey P"]
[Result "1-0"]
[WhiteElo "2455"]
[BlackElo "2342"]
[Annotator ""]
[Source ""]
[Remark ""]

1.e4 c5 2.Nf3 e6 3.d4 cxd4 4.Nxd4 a6 5.Bd3 Nf6 6.O-O Qc7 7.Qe2
d6 8.c4 Nc6 9.Nxc6 bxc6 10.f4 Be7 11.Nc3 O-O 12.e5 Nd7 13.exd6
Bxd6 14.Ne4 Be7 15.Bd2 Nc5 16.Nxc5 Bxc5+ 17.Kh1 Rd8 18.Bc3 Bd4
19.Bxd4 Rxd4 20.Rad1 g6 21.Be4 Rxd1 22.Rxd1 Rb8 23.Qd2 Kf8 24.h3
Ke7 25.Bxc6 a5 1-0

[Event "Moscow Open 2009 A"]
[Site ""]
[Date "2009.02.07"]
[Round "8.91"]
[White "Ziatdinov, Raset"]
[Black "Zhidkov, Valery S"]
[Result "1-0"]
[WhiteElo "2440"]
[BlackElo "2341"]
[Annotator ""]
[Source ""]
[Remark ""]

1.e4 e5 2.Nf3 Nc6 3.Bb5 Nf6 4.O-O d6 5.d4 Bd7 6.Nc3 Be7 7.Re1
exd4 8.Nxd4 O-O 9.Bxc6 bxc6 10.Bf4 c5 11.Nf3 Bc6 12.h3 Rb8 13.b3
Nd7 14.e5 Nb6 15.exd6 Bxd6 16.Ne5 Ba8 17.Qg4 Qc8 18.Qg3 Qf5 19.Nb5
Nd5 20.Nxd6 cxd6 21.Bh6 Qf6 22.Bg5 Qf5 23.Nc4 Qxc2 24.Nxd6 f6
25.Be3 Rb6 26.Rac1 Qd3 1-0

[Event "Moscow Open 2009 A"]
[Site ""]
[Date "2009.02.07"]
[Round "8.92"]
[White "Rozanov, Pavel B"]
[Black "Belous, Vladimir"]
[Result "1/2-1/2"]
[WhiteElo "2306"]
[BlackElo "2431"]
[Annotator ""]
[Source ""]
[Remark ""]

1.d4 Nf6 2.c4 g6 3.Nc3 Bg7 4.e4 d6 5.Be2 O-O 6.Nf3 Na6 7.O-O
e5 8.d5 Nc5 9.Nd2 a5 10.Rb1 Bh6 11.Qc2 Bg4 12.Bxg4 Nxg4 13.h3
Nf6 14.Nb3 Bxc1 15.Nxc5 Bh6 16.Nd3 Nd7 17.a3 f5 18.b4 axb4 19.axb4
Qh4 20.Ne1 Nf6 21.Nf3 Qf4 22.Rfe1 Ra3 23.Re3 fxe4 24.Ne2 Qxe3
25.fxe3 exf3 26.gxf3 Rxe3 27.Rb3 e4 28.Rxe3 Bxe3+ 29.Kg2 exf3+
30.Kxf3 Nxd5+ 31.Kg3 Nxb4 32.Qe4 Bf2+ 33.Kg2 Nc6 34.Nf4 Ba7 35.h4
Ne5 36.Nd3 Nc6 37.Nf4 Rf7 38.Qe8+ Rf8 39.Qe4 1/2-1/2

[Event "Moscow Open 2009 A"]
[Site ""]
[Date "2009.02.07"]
[Round "8.93"]
[White "Appolonov, Sergey"]
[Black "Tappyrov, Vladimir"]
[Result "1-0"]
[WhiteElo "2427"]
[BlackElo "2317"]
[Annotator ""]
[Source ""]
[Remark ""]

1.d4 d6 2.Nf3 g6 3.c4 Bg7 4.Nc3 Nf6 5.e4 O-O 6.Be2 e5 7.O-O Nc6
8.dxe5 dxe5 9.Bg5 Qxd1 10.Rfxd1 h6 11.Be3 b6 12.h3 Bb7 13.c5
Nb4 14.Rac1 Nxe4 15.Nxe4 Bxe4 16.Rc4 Bd3 17.Bxd3 Nxd3 18.Rxd3
b5 1-0

[Event "Moscow Open 2009 A"]
[Site ""]
[Date "2009.02.07"]
[Round "8.94"]
[White "Kotenko, Pavel"]
[Black "Dubov, Daniil"]
[Result "1/2-1/2"]
[WhiteElo "2398"]
[BlackElo "2308"]
[Annotator ""]
[Source ""]
[Remark ""]

1.e4 c5 2.Nf3 d6 3.d4 cxd4 4.Nxd4 Nf6 5.Nc3 Nc6 6.Bg5 e6 7.Qd2
a6 8.O-O-O Bd7 9.f4 b5 10.Nxc6 Bxc6 11.Bd3 b4 12.Bxf6 gxf6 13.Ne2
Qb6 14.f5 e5 15.Kb1 Qc5 16.g4 Rg8 17.h3 h5 18.Rhg1 hxg4 19.hxg4
Ke7 20.Rg2 d5 21.Rh1 d4 22.g5 Rxg5 23.Rxg5 fxg5 24.Rg1 1/2-1/2

[Event "Moscow Open 2009 A"]
[Site ""]
[Date "2009.02.07"]
[Round "8.95"]
[White "Reshetnikov, Alexey"]
[Black "Stoletov, Gennadi"]
[Result "1-0"]
[WhiteElo "2397"]
[BlackElo "2306"]
[Annotator ""]
[Source ""]
[Remark ""]

1.e4 d6 2.d4 Nf6 3.Nc3 c6 4.f4 Qa5 5.Bd3 e5 6.Nf3 Bg4 7.Bd2 Bxf3
8.Qxf3 exd4 9.Ne2 Qb6 10.O-O-O Nbd7 11.g4 O-O-O 12.g5 Ne8 13.Bc4
f6 14.h4 Nc7 15.Rhg1 Kb8 16.Qd3 d5 17.Nxd4 1-0

[Event "Moscow Open 2009 A"]
[Site ""]
[Date "2009.02.07"]
[Round "8.96"]
[White "Osmolny, Vladimir I"]
[Black "Yuferov, Sergey N"]
[Result "1/2-1/2"]
[WhiteElo "2306"]
[BlackElo "2392"]
[Annotator ""]
[Source ""]
[Remark ""]

1.d4 f5 2.Nc3 Nf6 3.Bg5 d5 4.Bxf6 exf6 5.e3 c6 6.Bd3 Bb4 7.Qf3
Bxc3+ 8.bxc3 g6 9.h4 h5 10.Ne2 Be6 11.Rh3 Nd7 12.Rb1 Rb8 13.Kd2
Nf8 14.Rhh1 1/2-1/2

[Event "Moscow Open 2009 A"]
[Site ""]
[Date "2009.02.07"]
[Round "8.97"]
[White "Khojayan, Vardan"]
[Black "Shukh, Nikolai"]
[Result "0-1"]
[WhiteElo "2272"]
[BlackElo "2364"]
[Annotator ""]
[Source ""]
[Remark ""]

1.d4 Nf6 2.c4 c5 3.Nf3 cxd4 4.Nxd4 e5 5.Nb5 d5 6.cxd5 Bc5 7.e3
O-O 8.N5c3 e4 9.Nd2 Qe7 10.Qc2 Bf5 11.h3 Nbd7 12.g4 Bg6 13.Bg2
Rac8 14.a3 Bb6 15.g5 Ne8 16.Bxe4 Nd6 17.Bxg6 fxg6 18.Nde4 Ne5
19.f4 Nec4 20.Ke2 Nf5 21.Qd3 Ncxe3 22.Bxe3 Nxe3 23.d6 Qd7 24.Rh2
Qe6 25.a4 a6 26.a5 Ba7 27.Ra4 Rf7 28.Kd2 Qb3 29.Ke1 Rd8 30.Re2
Nf5 31.Rc4 Rfd7 32.Qd5+ Kh8 33.Nc5 Bxc5 34.Qxc5 Nxd6 0-1

[Event "Moscow Open 2009 A"]
[Site ""]
[Date "2009.02.07"]
[Round "8.99"]
[White "Kozlov, Gennady"]
[Black "Onoprijchuk, Boris"]
[Result "1/2-1/2"]
[WhiteElo "2257"]
[BlackElo "2358"]
[Annotator ""]
[Source ""]
[Remark ""]

1.d4 Nf6 2.c4 e6 3.Nf3 b6 4.g3 Ba6 5.Qb3 c5 6.d5 exd5 7.cxd5
d6 8.Nc3 Be7 9.Bg2 O-O 10.O-O Nbd7 11.Re1 Re8 12.e4 Ng4 13.Qa4
Bb7 14.Bf4 a6 15.Qd1 b5 16.a3 Qb6 17.Bh3 Nge5 18.b4 Nxf3+ 19.Qxf3
Ne5 20.Bxe5 dxe5 21.Rab1 Bc8 22.Bf1 cxb4 23.axb4 Bd7 24.Red1
Qd6 25.Na2 Rec8 26.Nc1 Qg6 27.Qb3 Bd6 28.Re1 f5 29.Bh3 Rc4 30.Nd3
fxe4 31.Nxe5 Bxe5 32.Bxd7 Rf8 33.Re2 h5 34.Kh1 h4 35.f4 Bd4 36.f5
Qg4 37.Qa2 1/2-1/2

[Event "Moscow Open 2009 A"]
[Site ""]
[Date "2009.02.07"]
[Round "8.100"]
[White "Venevtsev, Andrey"]
[Black "Ajrapetian, Gevorg"]
[Result "1/2-1/2"]
[WhiteElo "2230"]
[BlackElo "2350"]
[Annotator ""]
[Source ""]
[Remark ""]

1.e4 c5 2.Nf3 e6 3.d4 cxd4 4.Nxd4 Nc6 5.Nc3 Nf6 6.Ndb5 Bb4 7.a3
Bxc3+ 8.Nxc3 d5 9.exd5 exd5 10.Bd3 O-O 11.O-O d4 12.Ne2 Bg4 13.h3
Bh5 14.Bg5 Qd6 15.Qd2 Bg6 16.Rad1 Rad8 1/2-1/2

[Event "Moscow Open 2009 A"]
[Site ""]
[Date "2009.02.07"]
[Round "8.101"]
[White "Popilski, Gil"]
[Black "Kolomensky, Vladimir"]
[Result "1-0"]
[WhiteElo "2348"]
[BlackElo "2253"]
[Annotator ""]
[Source ""]
[Remark ""]

1.e4 c5 2.Nf3 e6 3.d4 cxd4 4.Nxd4 a6 5.Bd3 Bc5 6.Nb3 Be7 7.Qg4
g6 8.Qe2 d6 9.O-O Nd7 10.Na3 Qc7 11.Nc4 h5 12.a4 b6 13.a5 b5
14.Nb6 Rb8 15.c4 bxc4 16.Bxc4 Nxb6 17.axb6 Rxb6 18.Be3 Rb4 19.Rfc1
Qb8 20.Bd2 Nf6 21.Bxb4 Qxb4 22.Bb5+ Bd7 23.Rc8+ Bd8 24.Bxd7+
Kxd7 25.Qxa6 e5 26.Qa7+ Ke6 27.Nc5+ 1-0

[Event "Moscow Open 2009 A"]
[Site ""]
[Date "2009.02.07"]
[Round "8.102"]
[White "Kremenietsky, Anatoly M"]
[Black "Solovjev, Nikolay"]
[Result "1-0"]
[WhiteElo "2346"]
[BlackElo "2304"]
[Annotator ""]
[Source ""]
[Remark ""]

1.d4 Nf6 2.Nf3 c5 3.e3 d5 4.c4 Bg4 5.cxd5 Nxd5 6.Qb3 Nc6 7.Nc3
Nxc3 8.bxc3 Qc7 9.Rb1 Bc8 10.d5 Na5 11.Bb5+ Kd8 12.Qc2 f6 13.Bd3
g6 14.c4 e6 15.Bb2 Rg8 16.dxe6 Bxe6 17.e4 Bg4 18.Nd2 Bg7 19.O-O
Nc6 20.f4 Be6 21.a3 Bd7 22.f5 g5 23.e5 Nxe5 24.Bxe5 Qxe5 25.Be4
Rc8 26.Nf3 Qe7 27.Rfe1 Qd6 28.Rbd1 Qc7 29.Bd5 Re8 30.Be6 Re7
31.Rd5 Qc6 32.Red1 Rc7 33.Rd6 1-0

[Event "Moscow Open 2009 A"]
[Site ""]
[Date "2009.02.07"]
[Round "8.103"]
[White "Yarmolenko, Evgeny"]
[Black "Sergienko, Sergey"]
[Result "1-0"]
[WhiteElo "2211"]
[BlackElo "2434"]
[Annotator ""]
[Source ""]
[Remark ""]

1.e4 c6 2.d4 d5 3.Nc3 dxe4 4.Nxe4 Nf6 5.Nxf6+ exf6 6.Nf3 g6 7.h3
Bg7 8.Bd3 O-O 9.O-O a5 10.Re1 Na6 11.c4 Nc7 12.Be3 Be6 13.Qd2
Qd7 14.Bh6 Rfe8 15.Bxg7 Kxg7 16.Bf1 b5 17.d5 cxd5 18.c5 b4 19.Nd4
Reb8 20.a4 bxa3 21.bxa3 a4 22.Rab1 Rxb1 23.Rxb1 Qe7 24.Qe3 Kg8
25.Qf4 Ne8 26.Rb8 Rxb8 27.Qxb8 Kg7 28.Nc6 Qc7 29.Qb6 Qf4 30.Qb2
h5 31.Nd4 Nc7 32.Qb4 Qc1 33.c6 Qd1 34.Qb6 Kh6 35.Qb4 Kh7 36.Qb6
Na8 37.Qa7 Nc7 38.Nxe6 1-0

[Event "Moscow Open 2009 A"]
[Site ""]
[Date "2009.02.07"]
[Round "8.104"]
[White "Obodchuk, Andrei"]
[Black "Zhadanov, Nikolay"]
[Result "1/2-1/2"]
[WhiteElo "2445"]
[BlackElo "2226"]
[Annotator ""]
[Source ""]
[Remark ""]

1.d4 Nf6 2.c4 g6 3.Nc3 d5 4.cxd5 Nxd5 5.e4 Nxc3 6.bxc3 Bg7 7.Bc4
c5 8.Ne2 O-O 9.O-O Nc6 10.Be3 Na5 11.Bd3 b6 12.Qd2 e5 13.Bh6
cxd4 14.cxd4 exd4 15.Bxg7 Kxg7 16.f4 f6 17.h4 Bg4 18.Ng3 Rc8
19.h5 gxh5 20.e5 f5 21.Rac1 h4 22.Nh1 Rxc1 23.Rxc1 Nb7 24.Nf2
h5 25.Kh2 Nc5 26.Nh3 Ne4 27.Qe1 Nc5 28.Qd2 Ne4 29.Qc2 Qd5 30.Re1
Rd8 31.Nf2 Nc5 32.e6 h3 33.gxh3 Qf3 34.hxg4 hxg4 35.Kg1 g3 36.Bxf5
gxf2+ 37.Qxf2 Qxf2+ 38.Kxf2 Kf6 39.Re5 1/2-1/2

[Event "Moscow Open 2009 A"]
[Site ""]
[Date "2009.02.07"]
[Round "8.105"]
[White "Gordievsky, Dmitry"]
[Black "Sek, Konstantin"]
[Result "0-1"]
[WhiteElo "2207"]
[BlackElo "2417"]
[Annotator ""]
[Source ""]
[Remark ""]

1.d4 Nf6 2.c4 c5 3.d5 e6 4.Nc3 exd5 5.cxd5 d6 6.Nf3 g6 7.Bf4
a6 8.e4 Bg7 9.a4 O-O 10.Be2 Bg4 11.Nd2 Bxe2 12.Qxe2 Nh5 13.Be3
Nd7 14.O-O Re8 15.a5 Nhf6 16.h3 Qc7 17.Bf4 Ne5 18.Bh2 g5 19.Bxe5
Rxe5 20.Nc4 Ree8 21.Qf3 Qe7 22.Rfd1 Nd7 23.Na4 Rad8 24.Nab6 Nf8
25.g3 Ng6 26.Qf5 Bd4 27.Kg2 h6 28.Rd2 Qf8 29.Re1 Qg7 30.Rde2
Rf8 31.Qf3 Kh8 32.Kh2 Kh7 33.Qg2 Qf6 34.Rd1 Ne7 35.Rd3 Qg7 36.Kh1
Kh8 37.f4 gxf4 38.gxf4 Qh7 39.f5 Rg8 40.Qf3 Rg1+ 41.Kh2 Rdg8
42.Rdd2 R1g3 43.Qxg3 Rxg3 44.Kxg3 Qg7+ 45.Kf3 Qg1 46.Nd7 Qf1+
47.Kg3 Ng8 48.Nxd6 Nf6 49.Nxf6 Be5+ 50.Kh4 Qf4+ 0-1

[Event "Moscow Open 2009 A"]
[Site ""]
[Date "2009.02.07"]
[Round "8.107"]
[White "Galkin, Vladimir"]
[Black "Soltanici, Ruslan"]
[Result "1-0"]
[WhiteElo "2194"]
[BlackElo "2400"]
[Annotator ""]
[Source ""]
[Remark ""]

1.e4 c5 2.Nf3 e6 3.d4 cxd4 4.Nxd4 a6 5.c4 Nf6 6.Nc3 Qc7 7.Bd3
Bd6 8.Qe2 Nc6 9.Nxc6 dxc6 10.Be3 c5 11.g3 Be5 12.f4 Bxc3+ 13.bxc3
Qc6 14.Bd2 b6 15.O-O-O Bb7 16.e5 Nd7 17.f5 Qf3 18.fxe6 fxe6 19.Rhf1
Qxe2 20.Bxe2 Nxe5 21.Bf4 Nf7 22.Bc7 Rc8 23.Bxb6 Ne5 24.Rfe1 Ke7
25.Bf1 Nf7 26.Bh3 Ng5 27.Bg4 Bf3 28.Bxf3 Nxf3 29.Re3 Nxh2 30.Re5
Rc6 31.Bxc5+ Kf6 32.Bd4 Kg6 33.c5 Rf8 34.Rde1 Re8 35.R5e4 h5
36.R1e2 Ng4 37.Rb2 e5 38.Rb6 Ree6 39.Bg1 Kf5 40.Ra4 1-0

[Event "Moscow Open 2009 A"]
[Site ""]
[Date "2009.02.07"]
[Round "8.108"]
[White "Gershkowich, David"]
[Black "Konovalov, Vladislav"]
[Result "0-1"]
[WhiteElo "2360"]
[BlackElo "2208"]
[Annotator ""]
[Source ""]
[Remark ""]

1.e4 Nf6 2.e5 Nd5 3.d4 d6 4.Nf3 dxe5 5.Nxe5 g6 6.Bc4 Be6 7.Nc3
Bg7 8.Ne4 Bxe5 9.dxe5 Nc6 10.Ng5 Ne3 11.Qf3 Bxc4 12.Qxe3 Qd4
13.Bd2 h6 14.Nf3 Qxe3+ 15.Bxe3 O-O-O 16.b3 Ba6 0-1

[Event "Moscow Open 2009 A"]
[Site ""]
[Date "2009.02.07"]
[Round "8.109"]
[White "Kulakov, Viacheslav"]
[Black "Kotov, Alexander"]
[Result "1-0"]
[WhiteElo "2360"]
[BlackElo "2203"]
[Annotator ""]
[Source ""]
[Remark ""]

1.d4 Nf6 2.c4 c5 3.e3 g6 4.Nf3 Bg7 5.b3 O-O 6.Bb2 d5 7.Nbd2 cxd4
8.Nxd4 Nc6 9.Be2 Nxd4 10.Bxd4 dxc4 11.Nxc4 Be6 12.O-O Bd5 13.Qc2
Qc8 14.Qb2 Qe6 15.f3 Ne8 16.Ne5 f6 17.Nd3 Kh8 18.Rfd1 Nc7 19.Rac1
Rfc8 20.Nf4 Qf7 21.Bxa7 Bc6 22.Bb6 Nd5 23.Bc4 e6 24.Nxd5 exd5
25.Bf1 f5 26.Qd2 Be5 27.b4 Qf6 28.f4 Bb2 29.Rc2 Ba4 30.Rxb2 Qxb6
31.Qd4+ Qxd4 32.Rxd4 Rc3 33.Bd3 Rac8 34.Rxd5 Bc2 35.Bxc2 Rxc2
36.Rxc2 Rxc2 37.Rd8+ Kg7 38.Rd7+ Kf6 39.a4 1-0

[Event "Moscow Open 2009 A"]
[Site ""]
[Date "2009.02.07"]
[Round "8.110"]
[White "Rettore, Ludwig"]
[Black "Biryukov, Dmitriy"]
[Result "1/2-1/2"]
[WhiteElo "2178"]
[BlackElo "2357"]
[Annotator ""]
[Source ""]
[Remark ""]

1.e4 d6 2.d4 g6 3.Nc3 Bg7 4.Be3 c6 5.Qd2 Nd7 6.Bd3 b5 7.Nf3 Nb6
8.b3 Nf6 9.h3 O-O 10.O-O d5 11.Bh6 b4 12.Bxg7 Kxg7 13.e5 Nfd7 1/2-1/2

[Event "Moscow Open 2009 A"]
[Site ""]
[Date "2009.02.07"]
[Round "8.111"]
[White "Gurkin, A"]
[Black "Kovalev, Vladislav"]
[Result "0-1"]
[WhiteElo "2176"]
[BlackElo "2330"]
[Annotator ""]
[Source ""]
[Remark ""]

1.e4 e5 2.f4 d5 3.exd5 e4 4.d3 Nf6 5.Nd2 exd3 6.Bxd3 Nxd5 7.Ne4
Nb4 8.Bb5+ c6 9.Qe2 Nxc2+ 10.Qxc2 cxb5 11.Be3 Nc6 12.Nf3 Bb4+
13.Kf2 O-O 14.Rad1 Qe7 15.Neg5 g6 16.a3 Bf5 17.Qc1 Rac8 18.axb4
Nxb4 0-1

[Event "Moscow Open 2009 A"]
[Site ""]
[Date "2009.02.07"]
[Round "8.113"]
[White "Nikitin, Yuri"]
[Black "Denisov, Ivan"]
[Result "1-0"]
[WhiteElo "2319"]
[BlackElo "2193"]
[Annotator ""]
[Source ""]
[Remark ""]

1.e4 c5 2.Nf3 e6 3.d4 cxd4 4.Nxd4 a6 5.Bd3 Nc6 6.Nxc6 bxc6 7.O-O
d5 8.c4 Nf6 9.e5 Nd7 10.Bf4 Be7 11.Qg4 g5 12.Bd2 Nxe5 13.Qe2
Nxd3 14.Qxd3 e5 15.Nc3 Be6 16.cxd5 cxd5 17.Rfe1 Qd6 18.Rad1 f6
19.Qg3 h6 20.h4 Rg8 21.a3 e4 22.Qxd6 Bxd6 23.hxg5 hxg5 24.Nxd5
Bxd5 25.Ba5 Bxa3 26.bxa3 Bb7 27.Rd6 f5 28.Red1 Bc8 29.Rc1 Bd7
30.Rc7 Bc8 31.Rh7 1-0

[Event "Moscow Open 2009 A"]
[Site ""]
[Date "2009.02.07"]
[Round "8.114"]
[White "Haroutjunian, Dmitri"]
[Black "Chizhikov, Vladislav"]
[Result "1-0"]
[WhiteElo "2288"]
[BlackElo "2167"]
[Annotator ""]
[Source ""]
[Remark ""]

1.Nf3 Nf6 2.c4 c6 3.d4 d5 4.e3 e6 5.Nbd2 Nbd7 6.Bd3 Bd6 7.O-O
O-O 8.b3 e5 9.cxd5 cxd5 10.dxe5 Nxe5 11.Be2 Bg4 12.Bb2 Nc6 13.h3
Bh5 14.Rc1 Re8 15.Nd4 Bxe2 16.Qxe2 Rc8 17.Rfd1 Ne5 18.N2f3 Rxc1
19.Rxc1 Qa5 20.Nf5 Nxf3+ 21.gxf3 Ba3 22.Bxf6 Bxc1 23.Nxg7 Rd8
24.Nf5 Kf8 25.f4 Ba3 26.Qg4 1-0

[Event "Moscow Open 2009 A"]
[Site ""]
[Date "2009.02.07"]
[Round "8.115"]
[White "Korovianski, Dmitry"]
[Black "Pasiev, Rakhim"]
[Result "1/2-1/2"]
[WhiteElo "2281"]
[BlackElo "2152"]
[Annotator ""]
[Source ""]
[Remark ""]

1.d4 e6 2.c4 f5 3.g3 Nf6 4.Bg2 d5 5.Nf3 c6 6.O-O Bd6 7.Bf4 Bxf4
8.gxf4 O-O 9.e3 b6 10.Ne5 Bb7 11.Qc2 Nbd7 12.cxd5 cxd5 13.Nd2
Nxe5 14.dxe5 Nd7 15.Rfc1 Rc8 16.Qa4 Nc5 17.Qa3 Qd7 18.Nf3 a6
19.Nd4 Kf7 20.f3 g6 21.Rc2 Qa4 22.Qc3 Nd7 23.Qb3 Qxb3 24.axb3
Rxc2 25.Nxc2 Rc8 26.Nd4 g5 27.Bf1 gxf4 28.exf4 b5 29.Kh1 1/2-1/2

[Event "Moscow Open 2009 A"]
[Site ""]
[Date "2009.02.07"]
[Round "8.116"]
[White "Meribanov, Vitaly"]
[Black "Kurdakov, Yuri"]
[Result "1/2-1/2"]
[WhiteElo "2125"]
[BlackElo "2277"]
[Annotator ""]
[Source ""]
[Remark ""]

1.e4 e6 2.d4 d5 3.Nc3 Bb4 4.Nge2 dxe4 5.a3 Be7 6.Nxe4 Nd7 7.N2g3
Ngf6 8.Bd3 b6 9.Qf3 Rb8 10.Nxf6+ Nxf6 11.Bg5 Bb7 12.Bb5+ Kf8
13.Qe3 h6 14.Bxf6 Bxf6 15.O-O-O g6 16.Kb1 Qd5 17.Be2 Kg7 18.Bf3
Qg5 19.Qe2 Bxf3 20.Qxf3 1/2-1/2

[Event "Moscow Open 2009 A"]
[Site ""]
[Date "2009.02.07"]
[Round "8.117"]
[White "Cherenkova, Kristina"]
[Black "Yeo, Michael J"]
[Result "0-1"]
[WhiteElo "2270"]
[BlackElo "2120"]
[Annotator ""]
[Source ""]
[Remark ""]

1.e4 e5 2.Nf3 Nc6 3.Bb5 a6 4.Ba4 d6 5.O-O Bg4 6.h3 h5 7.d4 b5
8.Bb3 Nxd4 9.hxg4 Nxb3 10.axb3 hxg4 11.Ng5 Qd7 12.c4 b4 13.Be3
c6 14.f4 f6 15.fxe5 fxg5 16.Rxf8+ Kxf8 17.Qxd6+ Qxd6 18.exd6
Kf7 19.Nd2 Ke6 20.c5 Nf6 21.Ra4 a5 22.Kf2 Ke5 23.Nc4+ Kxe4 24.Nxa5
Kd3 25.Nxc6 Ne4+ 26.Kg1 Kxe3 27.d7 g3 0-1

[Event "Moscow Open 2009 A"]
[Site ""]
[Date "2009.02.07"]
[Round "8.118"]
[White "Gaspariants, Garry"]
[Black "Shefer, Alexander"]
[Result "1-0"]
[WhiteElo "2268"]
[BlackElo "2146"]
[Annotator ""]
[Source ""]
[Remark ""]

1.Nf3 Nf6 2.c4 e6 3.g3 b6 4.Bg2 Bb7 5.O-O c5 6.Nc3 Be7 7.d4 cxd4
8.Qxd4 d6 9.Rd1 a6 10.Bg5 Nbd7 11.Rac1 O-O 12.e4 Rc8 13.b3 Qc7
14.h3 h6 15.Be3 Qb8 16.Nh2 Qa8 17.Ng4 Nxg4 18.hxg4 Rfd8 19.Qd2
Bc6 20.g5 hxg5 21.Bxg5 Bxg5 22.Qxg5 Nf6 23.Qf4 Qb8 24.g4 b5 25.g5
Ne8 26.g6 Nf6 27.gxf7+ Kxf7 28.cxb5 axb5 29.Ne2 Bb7 30.Ng3 Rxc1
31.Rxc1 Rc8 32.Rd1 d5 33.e5 Kg8 34.Bh3 Re8 35.Qg5 Nh7 36.Qe3
Nf8 37.Ne2 Qd8 38.Nd4 b4 39.Rc1 Qh4 40.Rc7 Re7 41.Rc5 Ba8 42.Rb5
Rb7 43.Ra5 Rb8 44.Nxe6 1-0

[Event "Moscow Open 2009 A"]
[Site ""]
[Date "2009.02.07"]
[Round "8.119"]
[White "Syrchikov, Alexander"]
[Black "Kaljaev, Viacheslav"]
[Result "1-0"]
[WhiteElo "2261"]
[BlackElo "2106"]
[Annotator ""]
[Source ""]
[Remark ""]

1.Nf3 d5 2.d4 Nf6 3.c4 e6 4.Nc3 Be7 5.Bg5 dxc4 6.e3 a6 7.Bxc4
b5 8.Bb3 Bb7 9.O-O Nbd7 10.Qe2 Nd5 11.Nxd5 exd5 12.Bxe7 Qxe7
13.Rfd1 O-O 14.Rac1 Rac8 15.Bc2 f5 16.Bb1 g6 17.Rd2 Rfe8 18.g3
Kg7 19.Nh4 Qf6 20.f4 c5 21.dxc5 Rxc5 22.Rcd1 Rec8 23.e4 fxe4
24.Bxe4 Re8 25.Qg4 Rxe4 26.Qxd7+ Re7 27.Qg4 Rc4 28.Qg5 Qb6+ 29.Kf1
Rf7 30.Qe5+ Kh6 31.Rd4 Qc6 32.b3 Rxd4 33.Qxd4 Re7 34.g4 Qc2 35.Rd2
Qb1+ 36.Kg2 Qe4+ 37.Nf3 Rf7 38.f5 gxf5 39.g5+ Kg6 40.Kf2 Qxd4+
41.Rxd4 Re7 42.Rh4 h5 43.gxh6 Rh7 44.Ne5+ Kf6 45.Nd3 Kg5 46.Kg3
a5 47.Ne5 Kf6 48.Nd7+ Ke7 49.Nc5 Bc8 50.Kf4 Kf6 51.Nd3 Bd7 52.Ne5
Be8 53.Rh3 a4 54.b4 a3 55.Rxa3 Rxh6 56.Ra6+ Kg7 57.Rxh6 Kxh6
58.Kxf5 1-0

[Event "Moscow Open 2009 A"]
[Site ""]
[Date "2009.02.07"]
[Round "8.120"]
[White "Apryshko, Gleb"]
[Black "Biryukov, Mikhail"]
[Result "1-0"]
[WhiteElo "2074"]
[BlackElo "2257"]
[Annotator ""]
[Source ""]
[Remark ""]

1.e4 c5 2.Nf3 Nc6 3.Bb5 g6 4.Bxc6 dxc6 5.d3 Bg7 6.h3 Nf6 7.Nc3
O-O 8.Be3 b6 9.Qd2 Re8 10.O-O-O a5 11.g4 a4 12.a3 e5 13.Rdg1
Qd6 14.Bh6 Bh8 15.Nh4 b5 16.Nf5 Qe6 17.h4 b4 18.Nb1 bxa3 19.Nxa3
Qa2 20.Qc3 Rb8 21.g5 Bxf5 22.gxf6 Be6 23.f4 exf4 24.Bxf4 Rb7
25.Be5 Bd7 26.Nc4 a3 27.bxa3 Be6 28.Nd6 Rb1+ 29.Kd2 Reb8 30.Nf5
Bxf5 31.Bxb8 Rb2 32.Be5 1-0

[Event "Moscow Open 2009 A"]
[Site ""]
[Date "2009.02.07"]
[Round "8.121"]
[White "Dimukhametov, Artur"]
[Black "Mingaleev, Ildar"]
[Result "1-0"]
[WhiteElo "2250"]
[BlackElo "2009"]
[Annotator ""]
[Source ""]
[Remark ""]

1.d4 d5 2.Nf3 Nf6 3.c4 e6 4.Nc3 c6 5.cxd5 exd5 6.Bg5 Be7 7.e3
O-O 8.Qc2 h6 9.Bh4 Re8 10.Bd3 Ne4 11.Bxe7 Qxe7 12.Bxe4 dxe4 13.Nd2
Bf5 14.O-O Bg6 15.Qb3 Na6 16.a3 b6 17.Nc4 Qe6 18.Qa4 Nc7 19.Ne5
b5 20.Qa5 Re7 21.Rac1 f5 22.Nxe4 Be8 23.Nc5 Qd5 24.Na6 Nxa6 25.Qxa6
Re6 26.b4 c5 27.Qa5 cxd4 28.Nd3 Qd8 29.Qxd8 Rxd8 30.Nc5 Rc6 31.Rfd1
d3 32.Rc3 Bf7 33.Rcxd3 Rxd3 34.Rxd3 Kf8 35.Rd8+ Be8 36.Ra8 1-0

[Event "Moscow Open 2009 A"]
[Site ""]
[Date "2009.02.07"]
[Round "8.122"]
[White "Omariev, Maksim"]
[Black "Masekhin, Maxim"]
[Result "1-0"]
[WhiteElo "2248"]
[BlackElo "1400"]
[Annotator ""]
[Source ""]
[Remark ""]

1.e4 c5 2.Nf3 Nc6 3.d4 cxd4 4.Nxd4 e5 5.Nb5 a6 6.Nd6+ Bxd6 7.Qxd6
Qf6 8.Qxf6 Nxf6 9.Nc3 Nb4 10.Kd2 d6 11.f3 Be6 12.a3 Nc6 13.Bd3
Rd8 14.b3 O-O 15.Bb2 d5 16.exd5 Nxd5 17.Nxd5 Bxd5 18.Ke3 f5 19.Rad1
e4 20.fxe4 Bxe4 21.Bxe4 Rde8 22.Rd7 Rxe4+ 23.Kf3 Rf7 24.Rhd1
Rfe7 25.Rxe7 Rxe7 26.c4 Kf7 27.Rd5 g6 28.b4 Re4 29.b5 axb5 30.cxb5
Ke6 31.Rd3 Ne5+ 32.Bxe5 Rxe5 33.a4 Re4 34.Re3 Rxe3+ 35.Kxe3 g5
36.a5 1-0

[Event "Moscow Open 2009 A"]
[Site ""]
[Date "2009.02.07"]
[Round "8.123"]
[White "Sidorovsky, Evgeny"]
[Black "Elishev, Ivan"]
[Result "1/2-1/2"]
[WhiteElo "1400"]
[BlackElo "2239"]
[Annotator ""]
[Source ""]
[Remark ""]

1.d4 Nf6 2.Nf3 g6 3.g3 Bg7 4.Bg2 O-O 5.O-O d6 6.c3 Nc6 7.Re1
e5 8.e4 Re8 9.d5 Ne7 10.Na3 h6 11.Bd2 Nd7 12.h3 Rf8 13.Qc1 Kh7
14.Nh2 Nc5 15.Qc2 f5 16.f3 a5 17.Nc4 a4 18.b4 axb3 19.axb3 Bd7
20.b4 Ba4 21.Qb1 Nb3 22.Rxa4 Rxa4 23.Qxb3 Ra6 24.b5 Ra8 25.Be3
b6 26.Nb2 Ra5 27.Nd3 Qa8 28.Nb4 Ra1 29.Rf1 fxe4 30.fxe4 Raxf1+
31.Nxf1 Qa1 32.Qc2 Ng8 33.Na6 Rf7 34.c4 Nf6 35.Qe2 Qb1 36.Bd2
Nh5 37.Kh2 Qb3 38.Ne3 Bf6 39.h4 Bg7 40.Bh3 1/2-1/2

[Event "Moscow Open 2009 A"]
[Site ""]
[Date "2009.02.07"]
[Round "8.124"]
[White "Kachko, Alexander"]
[Black "Vakhlamov, Igor L"]
[Result "1/2-1/2"]
[WhiteElo "2401"]
[BlackElo "2127"]
[Annotator ""]
[Source ""]
[Remark ""]

1.e4 c5 2.Nc3 Nc6 3.g3 g6 4.Bg2 Bg7 5.d3 e6 6.Be3 d6 7.Qd2 Nd4
8.Nd1 e5 9.c3 Ne6 10.Ne2 Ne7 11.d4 cxd4 12.cxd4 d5 13.exd5 Nxd5
14.Bh6 Bxh6 15.Qxh6 exd4 16.O-O Ne7 17.g4 Ng8 18.Qh3 Nf6 19.b4
d3 20.Nec3 Qd4 21.Kh1 O-O 22.Qg3 1/2-1/2